Top 100 UK Baby Boys' Names 2017 - Statistics

General Stats
  • This quiz has been taken 1,303 times
  • The average score is 50 of 100
Answer Stats
Hint Answer % Correct
3 Harry
91%
4 Jack
91%
15 James
91%
56 John
90%
12 William
90%
5 George
88%
2 Oliver
87%
24 Thomas
85%
22 Henry
84%
41 Daniel
82%
58 David
82%
66 Matthew
81%
80 Michael
81%
37 Samuel
78%
34 Edward
77%
70 Luke
77%
39 Joseph
76%
50 Benjamin
75%
10 Charlie
75%
32 Alexander
74%
13 Joshua
73%
6 Noah
73%
8 Jacob
72%
48 Luca
72%
46 Liam
71%
14 Ethan
70%
7 Leo
69%
1 Muhammad
69%
44 Adam
68%
19 Lucas
66%
25 Isaac
64%
52 Nathan
64%
16 Freddie
63%
9 Oscar
63%
69 Ryan
62%
47 Zachary
61%
28 Arthur
60%
83 Eli
60%
65 Jake
59%
11 Jackson
57%
26 Theo
57%
23 Archie
56%
42 Aaron
55%
17 Alfie
55%
74 Lewis
54%
30 Elijah
53%
99 Jamie
52%
31 Max
52%
27 Mason
51%
18 Logan
48%
21 Aiden
47%
82 Albert
47%
33 Dylan
47%
38 Harrison
46%
75 Tyler
45%
97 Tommy
44%
98 Evan
43%
20 Finley
43%
93 Frankie
43%
43 Sebastian
43%
29 Jayden
42%
55 Theodore
41%
77 Finn
39%
51 Caleb
38%
49 Elliot
38%
91 Kai
38%
92 Gabriel
36%
85 Bobby
35%
54 Jude
35%
45 Riley
35%
79 Toby
35%
57 Hugo
33%
100 Joel
33%
64 Ollie
33%
59 Harvey
32%
40 Teddy
30%
60 Carter
28%
96 Levi
28%
35 Reuben
28%
88 Stanley
27%
68 Hunter
26%
76 Albie
25%
84 Ali
25%
73 Rory
25%
87 Blake
24%
95 Ronnie
24%
71 Harley
23%
78 Jesse
23%
90 Roman
23%
86 Austin
22%
89 Reggie
22%
72 Ezra
21%
36 Louie
21%
63 Arlo
20%
67 Ellis
20%
94 Parker
20%
61 Jenson
15%
81 Abdul
11%
62 Syed
7%
53 Ahmad
4%
No matching quizzes found
Score Distribution
Percent of People with Each Score
Percentile by Number Answered
Your Score History
You have not taken this quiz